|
|
|
|
| LEADER |
00834nab a2200193 i 4500 |
| 001 |
misc27903 |
| 005 |
20191111110255.0 |
| 008 |
170916s1988 hu o 0|| zxx d |
| 040 |
|
|
|a SZTE Miscellanea Repozitórium
|b hun
|
| 041 |
|
|
|a zxx
|
| 100 |
1 |
|
|a Fülöp Ferenc
|
| 245 |
1 |
0 |
|a Saturated heterocycles, 135. Cyclic aminoalcohols and related compounds, 29.
|h [elektronikus dokumentum] :
|b synthesis of condensed-skeleton cis- and trans-2-phenylimino- and 2-methyliminotetrahydro-l,3-thiazines and 1,3-oxazines /
|c Fülöp Ferenc
|
| 260 |
|
|
|c 1988
|
| 300 |
|
|
|a 193-199
|
| 490 |
0 |
|
|a Kolligátum
|
| 695 |
|
|
|a Heterociklusos vegyületek - szintézis, Szerves kémia - reakciómechanizmus
|
| 700 |
0 |
1 |
|a Csirinyi György
|e aut
|
| 700 |
0 |
1 |
|a Bernáth Gábor
|e aut
|
| 856 |
4 |
0 |
|u http://misc.bibl.u-szeged.hu/27903/1/018_019_020-026.pdf
|z Dokumentum-elérés
|